Worlds hardest NBA quiz ever made - Statistics

General Stats
  • This quiz has been taken 1,140 times
    1,139 since last reset
  • The average score is 5 of 10
Answer Stats
Question Answer % Correct
What nba player got traded from the Philadelphia 76ers to the Brooklyn Nets? Ben Simmons
91%
What NBA team won 11 championships in a row? Boston Celtics
89%
What team did Kyrie Irving play for in 2018? Boston Celtics
84%
What NBA team drafted Paul George? Indiana Pacers
84%
Who is the only player in NBA history to have a quintuple double Wilt chamberlain
47%
What was Michael Jordan’s stat line in his retirement game? 15points 4 rebounds 4 assists
39%
As of 2024 how many NBA hall of famers are there? 436
35%
How Many NBA players were active in the 2020-21 season? 275
28%
How many career triple doubles does Magic Johnson have? 138
27%
Who is the 17th all time in career blocks with 2082 George Johnson
20%
No matching quizzes found
Score Distribution
Percent of People with Each Score
Percentile by Number Answered
Your Score History
You have not taken this quiz since the last reset